Список шахматистов по максимальному рейтингу ФИДЕ - Statistics

General Stats
  • This quiz has been taken 79 times
  • The average score is 10 of 24
Answer Stats
Значение Эло Страна Шахматист % Correct
2882 Норвегия Магнус Карлсен
96%
2851 СССР/Россия Гарри Каспаров
89%
2780 СССР/Россия Анатолий Карпов
83%
2795 Россия Ян Непомнящий
71%
2785 США Роберт Фишер
67%
2817 СССР/Россия Владимир Крамник
59%
2817 Индия Вишванатан Ананд
57%
2816 США Хикару Накамура
54%
2844 Италия/США Фабиано Каруана
49%
2804 Иран/Франция Алиреза Фирузджа
41%
2816 Болгария Веселин Топалов
40%
2788 Украина/Россия Сергей Карякин
40%
2816 Китай Дин Лижэнь
39%
2830 Армения/Германия/США Левон Аронян
36%
2822 Филиппины/США Уэсли Со
33%
2798 Россия/Нидерланды Аниш Гири
30%
2820 Азербайджан Шахрияр Мамедьяров
26%
2819 Франция Максим Вашье-Лаграв
26%
2787 СССР/Украина Василий Иванчук
23%
2777 СССР/Беларусь/Израиль Борис Гельфанд
21%
2810 Россия Александр Грищук
20%
2793 Азербайджан Теймур Раджабов
20%
2776 Венгрия/Румыния Рихард Раппорт
13%
2788 Россия Александр Морозевич
4%
No matching quizzes found
Score Distribution
Percent of People with Each Score
Percentile by Number Answered
Your Score History
You have not taken this quiz